| 000 | 00602nam a2200217 a 4500 | ||
|---|---|---|---|
| 005 | 20240831063807.0 | ||
| 008 | 160503s2006 ve r 000 0 spa d | ||
| 020 | _a9802572993 | ||
| 035 | _aUPN01000210070 | ||
| 049 | _aI | ||
| 050 | 4 |
_aPZ73 _bM3.52 |
|
| 100 | 1 |
_aMartínez, Rocío, _d1966- _935791 |
|
| 245 | 1 | 0 |
_aMatías pierde su lápiz / _cRocío Martínez. |
| 260 |
_aCaracas : _bEkaré, _c2006. |
||
| 300 |
_a[24] p. : _bil. col. |
||
| 440 | 3 | _aEl jardín de los niños | |
| 650 | 4 |
_aCuentos infantiles españoles _97725 |
|
| 905 | _aInfantil | ||
| 999 |
_c182171 _d182171 |
||